| 000 | 00734cam8a220024100 4500 | ||
|---|---|---|---|
| 001 | lce03046728 | ||
| 003 | DLC | ||
| 005 | 20190823082735.0 | ||
| 008 | 930727s1994 cau 000 0 eng | ||
| 010 | _a 93031164 | ||
| 020 |
_c _8.95 |
||
| 035 | _a(Sirsi) r44388 | ||
| 035 | _a(DLC) 93031164 | ||
| 035 | _a(UPRA)lce03046728 | ||
| 040 |
_aDLC _cDLC _dDLC |
||
| 050 | 0 | 0 |
_aPS3573.A472283 _bD87 1994 |
| 082 | 0 | 0 |
_a811/.54 _220 |
| 100 | 1 |
_aWalter, Hugo, 1959- _dWalter, Hugo, 1959- _6A1941.1 |
|
| 245 | 1 | 0 |
_aDusk-gloaming mirrors and castle-winding dreams : _bpoems / _cby Hugo G. Walter. |
| 260 |
_aSanta Barbara, Calif. : _bFithian Press, _c1994. |
||
| 949 |
_aPS3573.A472283 _wlcc _i-55267 _mMAIN _tBOOK _lON-SHELF |
||
| 004 | 44388 | ||
| 999 |
_c138613 _d138613 |
||